Ivan Slavka (1930-1997) výstava obrazov, 16.-30. apríla 2005

Bibliographic Details
Main Authors: Valentík, Vladimír, 1959- (Author), Dorča, Ján, 1948-2011 (Author)
Format: Book
Language:Slovak
PhysicalDescription:1 skladačka ([4] s.) ilustr. 21 x 30 cm po zlož. 21 x 10 cm
Published: [Báčsky Petrovec] TGN [2005]
ISBN:(brož.)
Subjects:

MARC

LEADER 00000nam a2200000 a 4500
001 vtls008158821
003 SK-MaSNL
005 20260331204624.0
008 050607s2005 yu a 000 0dslo
015 |a SNBZSE2007-00039 
020 |a (brož.) 
040 |a SNK  |b slo  |c SNK  |e AACR2 
041 0 |a slo 
043 |a e-yu--- 
044 |a yu  |c YU 
072 7 |a 75  |x Maliarstvo  |2 konspekt 
080 |a 75.071.1:061.4  |x (=162.4)  |x (497.1)  |x (083.824)  |2 2001 
100 1 |a Slavka, Ivan  |d 1930-1997  |4 art  |9 397355 
245 1 0 |a Ivan Slavka (1930-1997)  |b výstava obrazov, 16.-30. apríla 2005  |c text v katalógu: Vladimír Valentík a Ján Dorča ; grafická úprava: Darina Gajinová 
260 |a [Báčsky Petrovec]  |b TGN  |c [2005] 
300 |a 1 skladačka ([4] s.)  |b ilustr.  |c 21 x 30 cm po zlož. 21 x 10 cm 
366 |e 200 výt. 
600 1 7 |a Slavka, Ivan  |d 1930-1997  |2 SNKMA  |9 397355 
650 0 7 |a výtvarné umenie  |z Srbsko  |2 SNKPH  |9 397354 
650 0 7 |a maliarstvo  |2 SNKPH  |9 812 
655 7 |a katalógy výstav  |2 SNKPH  |9 70445 
700 1 |a Valentík, Vladimír,  |d 1959-  |4 aut  |9 214568 
700 1 |a Gajinová, Darina  |4 bkd  |9 397356 
700 1 |a Dorča, Ján,  |d 1948-2011  |4 aut  |9 72954 
958 |a ZS 
958 |a NM 
958 |a YU 
999 |c 647503  |d 649433 
952 |a SNK  |b SNK  |y PREZ  |7 0  |p 17A0476505  |o snkOSC 23176  |i snk2005/11189  |8 2  |g 0.17  |0 0  |1 0  |4 0  |d 2005-06-07  |l 0  |r 2026-02-23 18:12:13  |w 2026-02-23